| 000 | 00738cac a2200229 a 4500 | ||
|---|---|---|---|
| 003 | Co-PeBPM | ||
| 005 | 20241113193640.0 | ||
| 008 | 231129e1963||||xx |||||||||||||| ||spa|| | ||
| 040 | 0 |
_aCo-PeBPM _bspa _cCo-PeBPM _erda |
|
| 041 | _aspa | ||
| 082 |
_a121 R896s _222 |
||
| 100 |
_aRubinstein S.L. _eAutor |
||
| 245 | 0 |
_aEl Ser Y La Conciencia _b: Y El Pensamiento Y Los Caminos De Su Investigación _c/ S.L. Rubinstein |
|
| 260 |
_aMéxico D.F _b: Editorial Grijalbo _c, 1963 |
||
| 300 |
_a427 Páginas _c; 16 Centímetros |
||
| 500 | _aIncluye Índice. | ||
| 650 | 1 | 4 |
_2LEMB _aMaterialismo dialéctico |
| 650 | 1 | 4 |
_2LEMB _aTeoría del conocimiento |
| 650 | 1 | 4 |
_2LEMB _aMediciones |
| 650 | 1 | 4 |
_2LEMB _aPruebas Educativas |
| 942 |
_2ddc _cBK |
||
| 999 |
_c12412 _d12412 |
||